000 00681nam a2200265Ia 4500
005 20260121172219.0
008 008 260114s9999 xx 000 0 eng d
020 _a9783030492403
037 _aEBOOK
040 _aCRL
040 _beng
040 _cCRL
041 _2eng
041 _aeng
084 _qCRL
100 _aManon Tremblay, Joanna Everitt
_91085668
245 4 _aThe Palgrave Handbook of Gender, Sexuality, and Canadian Politics
260 _bSpringer
260 _bSpringer
260 _c2020
856 _uhttps://link.springer.com/openurl?genre=book&isbn=978-3-030-49240-3
942 _cEBOOK
999 _c1651405
_d1651405